000 00790cam a22002411i 4500
001 med48000049
003 DLC
005 20260227111609.0
008 790611s1948 ilua 000 0 eng
010 _amed48000049
035 _a(OCoLC)5054582
040 _aDLC
_cISUM
_dDLC
042 _apremarc
050 0 0 _aRC669
_b.P28 1948
060 _aWG355 P132e 1948
100 1 _aPage, Irvine H.
_q(Irvine Heinly),
_d1901-1991.
245 1 0 _aExperimental renal hypertension /
_cby Irvine H. Page and Arthur Curtis Corcoran.
260 _aSpringfield, Ill. :
_bThomas,
_c[1948].
300 _av, 64 p. :
_bill. ;
_c23 cm.
490 0 _aAmerican lecture series, no. 16. American lectures in physiology.
504 _aBibliography: p. 63-64.
830 0 _aAmerican lecture series ;
_vno. 16.
999 _c38836
_d38836